[Event "World Chess Olympiad 2018"]
[Site "Batumi"]
[Date "2018.10.04"]
[Round "10"]
[Board "4"]
[WhiteFideId "14608502"]
[White "Markoja Boris"]
[BlackFideId "13900897"]
[Black "Morozov Nichita"]
[Result "0-1"]
[LiveChessVersion "1.4.8"]
[BlackElo "2452"]
[WhiteElo "2456"]

1. d4 {[%clk 1:30:57]} Nf6 {[%clk 1:30:45]} 2. c4 {[%clk 1:31:21]} e6
{[%clk 1:31:04]} 3. g3 {[%clk 1:31:44]} d5 {[%clk 1:31:28]} 4. Bg2
{[%clk 1:32:09]} Bb4+ {[%clk 1:31:05]} 5. Bd2 {[%clk 1:32:32]} Bd6
{[%clk 1:31:32]} 6. Nc3 {[%clk 1:32:44]} c6 {[%clk 1:31:44]} 7. e4
{[%clk 1:32:43]} dxe4 {[%clk 1:32:03]} 8. Nxe4 {[%clk 1:33:02]} Nxe4
{[%clk 1:30:53]} 9. Bxe4 {[%clk 1:33:26]} Nd7 {[%clk 1:29:26]} 10. Nf3
{[%clk 1:33:33]} O-O {[%clk 1:22:09]} 11. Qc2 {[%clk 1:32:30]} Nf6
{[%clk 1:14:40]} 12. Bd3 {[%clk 1:32:41]} Be7 {[%clk 1:10:22]} 13. Bc3
{[%clk 1:10:56]} b5 {[%clk 1:09:30]} 14. O-O {[%clk 1:03:19]} bxc4
{[%clk 1:05:23]} 15. Bxc4 {[%clk 1:03:36]} Bb7 {[%clk 1:04:19]} 16. Ne5
{[%clk 1:02:19]} c5 {[%clk 0:57:50]} 17. Rad1 {[%clk 1:00:27]} Qc7
{[%clk 0:56:11]} 18. Rfe1 {[%clk 0:53:20]} Bd6 {[%clk 0:46:59]} 19. Qa4
{[%clk 0:45:57]} Ne4 {[%clk 0:35:51]} 20. Ba5 {[%clk 0:40:19]} Qc8
{[%clk 0:36:02]} 21. Be2 {[%clk 0:24:13]} cxd4 {[%clk 0:20:02]} 22. Rc1
{[%clk 0:19:21]} Qe8 {[%clk 0:20:31]} 23. Qxd4 {[%clk 0:17:16]} f6
{[%clk 0:20:17]} 24. Nf3 {[%clk 0:16:30]} Rc8 {[%clk 0:14:19]} 25. b4
{[%clk 0:16:05]} Bb8 {[%clk 0:13:59]} 26. Rxc8 {[%clk 0:11:08]} Qxc8
{[%clk 0:14:27]} 27. Bc4 {[%clk 0:11:32]} f5 {[%clk 0:14:44]} 28. b5
{[%clk 0:08:29]} Kh8 {[%clk 0:15:02]} 29. Be2 {[%clk 0:04:30]} Bd6
{[%clk 0:09:25]} 30. Bb4 {[%clk 0:04:55]} Bxb4 {[%clk 0:09:50]} 31. Qxb4
{[%clk 0:05:22]} Rd8 {[%clk 0:10:18]} 32. Ne5 {[%clk 0:04:54]} Qc7
{[%clk 0:10:46]} 33. Nf3 {[%clk 0:03:38]} h6 {[%clk 0:09:38]} 34. Nh4
{[%clk 0:02:16]} Qb6 {[%clk 0:08:06]} 35. Rf1 {[%clk 0:02:35]} Ng5
{[%clk 0:08:28]} 36. Ng6+ {[%clk 0:02:20]} Kh7 {[%clk 0:08:37]} 37. h4
{[%clk 0:01:44]} Kxg6 {[%clk 0:08:30]} 38. hxg5 {[%clk 0:02:08]} hxg5
{[%clk 0:08:57]} 39. Qc3 {[%clk 0:02:07]} g4 {[%clk 0:09:08]} 0-1

[Event "World Chess Olympiad 2018"]
[Site "Batumi"]
[Date "2018.10.04"]
[Round "10"]
[Board "1"]
[WhiteFideId "14918781"]
[White "Repka Christopher"]
[BlackFideId "1610856"]
[Black "Ragger Markus"]
[Result "0-1"]
[LiveChessVersion "1.4.8"]
[BlackElo "2686"]
[WhiteElo "2523"]

1. d4 {[%clk 1:30:58]} Nf6 {[%clk 1:30:58]} 2. c4 {[%clk 1:31:24]} e6
{[%clk 1:31:23]} 3. Nc3 {[%clk 1:31:48]} Bb4 {[%clk 1:31:49]} 4. Qc2
{[%clk 1:32:08]} d5 {[%clk 1:32:12]} 5. cxd5 {[%clk 1:30:25]} Qxd5
{[%clk 1:32:27]} 6. e3 {[%clk 1:28:17]} c5 {[%clk 1:32:15]} 7. Bd2
{[%clk 1:28:11]} Bxc3 {[%clk 1:32:33]} 8. Bxc3 {[%clk 1:27:53]} cxd4
{[%clk 1:32:03]} 9. Bxd4 {[%clk 1:27:57]} Nc6 {[%clk 1:32:28]} 10. Bxf6
{[%clk 1:26:27]} gxf6 {[%clk 1:31:57]} 11. Ne2 {[%clk 1:26:52]} Bd7
{[%clk 1:29:31]} 12. a3 {[%clk 1:20:32]} Qe5 {[%clk 1:27:43]} 13. Nc3
{[%clk 1:13:58]} Ne7 {[%clk 1:27:50]} 14. Bd3 {[%clk 1:10:08]} f5
{[%clk 1:19:30]} 15. O-O-O {[%clk 1:02:22]} Rc8 {[%clk 1:11:15]} 16. e4
{[%clk 1:02:48]} f4 {[%clk 0:59:53]} 17. Qd2 {[%clk 0:40:18]} Ng6
{[%clk 0:52:37]} 18. Bc2 {[%clk 0:35:34]} Bc6 {[%clk 0:51:29]} 19. h4
{[%clk 0:35:36]} h5 {[%clk 0:49:31]} 20. Kb1 {[%clk 0:26:04]} Ke7
{[%clk 0:38:48]} 21. Nd5+ {[%clk 0:08:13]} Kf8 {[%clk 0:38:33]} 22. Rhe1
{[%clk 0:08:40]} Rd8 {[%clk 0:29:18]} 23. Qa5 {[%clk 0:07:57]} Kg7
{[%clk 0:26:18]} 24. Qxa7 {[%clk 0:08:23]} Rhe8 {[%clk 0:19:04]} 25. Qa5
{[%clk 0:03:04]} Bd7 {[%clk 0:18:36]} 26. Qb4 {[%clk 0:00:32]} exd5
{[%clk 0:17:27]} 27. Rxd5 {[%clk 0:01:00]} Qf6 {[%clk 0:17:43]} 28. Rxh5
{[%clk 0:00:37]} Re5 {[%clk 0:14:42]} 29. Rxe5 {[%clk 0:01:04]} Nxe5
{[%clk 0:15:07]} 30. Qxb7 {[%clk 0:01:21]} Be6 {[%clk 0:14:02]} 31. Qb4
{[%clk 0:01:19]} Nc4 {[%clk 0:12:35]} 32. e5 {[%clk 0:00:49]} Qxh4
{[%clk 0:12:56]} 33. g3 {[%clk 0:01:05]} fxg3 {[%clk 0:09:54]} 34. Rg1
{[%clk 0:01:31]} Kh8 {[%clk 0:09:09]} 35. fxg3 {[%clk 0:01:41]} Qd4
{[%clk 0:08:50]} 36. Rd1 {[%clk 0:01:24]} Qxd1+ {[%clk 0:07:47]} 37. Bxd1
{[%clk 0:01:49]} Rxd1+ {[%clk 0:08:15]} 38. Ka2 {[%clk 0:02:14]} Kg7
{[%clk 0:04:52]} 39. b3 {[%clk 0:00:36]} Nxe5 {[%clk 0:04:26]} 40. a4
{[%clk 0:30:32]} Rd3 {[%clk 0:33:41]} 41. Qb5 {[%clk 0:22:10]} Kf6
{[%clk 0:25:49]} 42. a5 {[%clk 0:19:44]} Rxb3 {[%clk 0:25:20]} 43. Qxb3
{[%clk 0:20:08]} Nc6 {[%clk 0:25:39]} 0-1

[Event "World Chess Olympiad 2018"]
[Site "Batumi"]
[Date "2018.10.04"]
[Round "10"]
[Board "2"]
[WhiteFideId "1634852"]
[White "Dragnev Valentin"]
[BlackFideId "14907518"]
[Black "Jurcik Marian"]
[Result "1/2-1/2"]
[LiveChessVersion "1.4.8"]
[BlackElo "2451"]
[WhiteElo "2508"]

1. d4 {[%clk 1:30:57]} d5 {[%clk 1:30:30]} 2. c4 {[%clk 1:31:15]} e6
{[%clk 1:30:49]} 3. Nc3 {[%clk 1:31:39]} a6 {[%clk 1:30:27]} 4. cxd5
{[%clk 1:31:16]} exd5 {[%clk 1:30:54]} 5. Bf4 {[%clk 1:30:53]} Nf6
{[%clk 1:29:23]} 6. e3 {[%clk 1:27:04]} Bd6 {[%clk 1:29:29]} 7. Bg5
{[%clk 1:23:34]} Be6 {[%clk 1:22:33]} 8. Bd3 {[%clk 1:24:00]} h6 {[%clk 1:14:57]}
9. Bh4 {[%clk 1:24:19]} g5 {[%clk 1:03:00]} 10. Bg3 {[%clk 1:24:28]} h5
{[%clk 1:03:25]} 11. Bxd6 {[%clk 1:08:28]} Qxd6 {[%clk 1:03:39]} 12. h4
{[%clk 1:08:53]} gxh4 {[%clk 1:01:52]} 13. Nf3 {[%clk 0:59:27]} h3
{[%clk 1:00:32]} 14. gxh3 {[%clk 0:59:46]} Nbd7 {[%clk 0:56:11]} 15. Qc2
{[%clk 0:51:27]} Rg8 {[%clk 0:50:38]} 16. O-O-O {[%clk 0:50:16]} O-O-O
{[%clk 0:48:07]} 17. Kb1 {[%clk 0:45:59]} Nb6 {[%clk 0:41:07]} 18. Ne2
{[%clk 0:41:03]} Kb8 {[%clk 0:35:43]} 19. Nf4 {[%clk 0:40:36]} Nbd7
{[%clk 0:32:51]} 20. Rhg1 {[%clk 0:34:34]} Rc8 {[%clk 0:31:38]} 21. Rxg8
{[%clk 0:32:17]} Rxg8 {[%clk 0:31:54]} 22. Rc1 {[%clk 0:31:04]} Rc8
{[%clk 0:26:48]} 23. Qd1 {[%clk 0:20:29]} c5 {[%clk 0:23:45]} 24. dxc5
{[%clk 0:20:49]} Rxc5 {[%clk 0:23:45]} 25. Nd4 {[%clk 0:20:26]} Rxc1+
{[%clk 0:22:26]} 26. Qxc1 {[%clk 0:19:10]} Nc5 {[%clk 0:18:51]} 27. Be2
{[%clk 0:17:54]} Nfe4 {[%clk 0:16:38]} 28. Qe1 {[%clk 0:13:20]} h4
{[%clk 0:16:00]} 29. Bf3 {[%clk 0:13:21]} Qb6 {[%clk 0:08:19]} 30. Bxe4
{[%clk 0:07:58]} dxe4 {[%clk 0:08:48]} 31. Ndxe6 {[%clk 0:07:50]} Nxe6
{[%clk 0:08:48]} 32. Nxe6 {[%clk 0:05:52]} Qxe6 {[%clk 0:06:30]} 33. Qf1
{[%clk 0:05:47]} Qd7 {[%clk 0:05:44]} 34. a3 {[%clk 0:05:23]} Qd2
{[%clk 0:04:26]} 35. Qg2 {[%clk 0:05:24]} Qd1+ {[%clk 0:02:11]} 36. Ka2
{[%clk 0:05:53]} Qd5+ {[%clk 0:02:25]} 37. Kb1 {[%clk 0:06:18]} Qd1+
{[%clk 0:01:18]} 38. Ka2 {[%clk 0:06:47]} Qd5+ {[%clk 0:01:40]} 39. Kb1
{[%clk 0:07:08]} Qd1+ {[%clk 0:00:34]} 1/2-1/2

[Event "World Chess Olympiad 2018"]
[Site "Batumi"]
[Date "2018.10.04"]
[Round "10"]
[Board "3"]
[WhiteFideId "14901625"]
[White "Petrik Tomas"]
[BlackFideId "1612468"]
[Black "Diermair Andreas"]
[Result "1/2-1/2"]
[LiveChessVersion "1.4.8"]
[BlackElo "2501"]
[WhiteElo "2481"]

1. e4 {[%clk 1:30:48]} e5 {[%clk 1:30:53]} 2. Nf3 {[%clk 1:31:06]} Nc6
{[%clk 1:31:18]} 3. Bb5 {[%clk 1:30:52]} a6 {[%clk 1:31:38]} 4. Ba4
{[%clk 1:29:55]} Nf6 {[%clk 1:31:59]} 5. O-O {[%clk 1:29:41]} Be7
{[%clk 1:32:16]} 6. d3 {[%clk 1:28:27]} d6 {[%clk 1:31:53]} 7. c3
{[%clk 1:24:02]} O-O {[%clk 1:32:00]} 8. Re1 {[%clk 1:17:34]} Re8
{[%clk 1:31:12]} 9. Nbd2 {[%clk 1:15:21]} Bf8 {[%clk 1:30:48]} 10. h3
{[%clk 1:08:46]} b5 {[%clk 1:26:27]} 11. Bc2 {[%clk 1:03:07]} Bb7
{[%clk 1:24:28]} 12. Nf1 {[%clk 0:52:10]} h6 {[%clk 1:22:52]} 13. Ng3
{[%clk 0:50:23]} d5 {[%clk 1:20:29]} 14. Qe2 {[%clk 0:34:03]} Qd7
{[%clk 1:05:12]} 15. Nh2 {[%clk 0:26:03]} d4 {[%clk 1:00:41]} 16. Bd2
{[%clk 0:19:30]} a5 {[%clk 0:56:21]} 17. Qf3 {[%clk 0:13:29]} Ra6
{[%clk 0:51:17]} 18. Nf5 {[%clk 0:06:14]} Ne7 {[%clk 0:47:16]} 19. cxd4
{[%clk 0:06:19]} Nxf5 {[%clk 0:45:03]} 20. Qxf5 {[%clk 0:06:46]} Qxd4
{[%clk 0:42:58]} 21. Bc3 {[%clk 0:07:13]} Qd6 {[%clk 0:36:44]} 22. Rad1
{[%clk 0:07:29]} b4 {[%clk 0:35:30]} 23. Bd2 {[%clk 0:07:55]} a4 {[%clk 0:35:30]}
24. Qf3 {[%clk 0:05:30]} c5 {[%clk 0:33:58]} 25. Nf1 {[%clk 0:05:45]} Qe6
{[%clk 0:30:01]} 26. Ne3 {[%clk 0:02:50]} g6 {[%clk 0:29:10]} 27. Nc4
{[%clk 0:02:53]} Ra7 {[%clk 0:26:34]} 28. Rc1 {[%clk 0:03:19]} Bc6
{[%clk 0:24:25]} 29. Bd1 {[%clk 0:03:04]} Bb5 {[%clk 0:22:36]} 30. Be3
{[%clk 0:01:51]} Rd7 {[%clk 0:20:24]} 31. Be2 {[%clk 0:02:19]} Rdd8
{[%clk 0:14:10]} 32. Qg3 {[%clk 0:02:25]} Kh7 {[%clk 0:13:08]} 33. Rf1
{[%clk 0:02:26]} Bxc4 {[%clk 0:08:48]} 34. Rxc4 {[%clk 0:02:46]} Nd7
{[%clk 0:07:25]} 35. a3 {[%clk 0:01:48]} Nb6 {[%clk 0:05:18]} 36. Rcc1
{[%clk 0:01:43]} Nd7 {[%clk 0:04:51]} 37. Kh1 {[%clk 0:01:17]} Bg7
{[%clk 0:03:50]} 38. Bd1 {[%clk 0:01:16]} b3 {[%clk 0:03:01]} 39. Rc4
{[%clk 0:00:49]} f5 {[%clk 0:02:22]} 40. exf5 {[%clk 0:30:36]} gxf5
{[%clk 0:32:18]} 41. Qh4 {[%clk 0:06:30]} e4 {[%clk 0:16:56]} 42. Rxa4
{[%clk 0:06:53]} exd3 {[%clk 0:17:09]} 43. Rc4 {[%clk 0:06:04]} Rb8
{[%clk 0:11:55]} 44. Bh5 {[%clk 0:05:52]} Bf6 {[%clk 0:07:44]} 45. Qf4
{[%clk 0:01:21]} Bg5 {[%clk 0:07:44]} 46. Qc7 {[%clk 0:01:49]} Rec8
{[%clk 0:06:31]} 47. Qa7 {[%clk 0:01:53]} Ra8 {[%clk 0:05:40]} 48. Qb7
{[%clk 0:02:16]} Rab8 {[%clk 0:05:02]} 49. Qa7 {[%clk 0:02:14]} Ra8
{[%clk 0:04:30]} 50. Qb7 {[%clk 0:02:41]} Rab8 {[%clk 0:04:44]} 51. Qa7
{[%clk 0:02:49]} Ra8 {[%clk 0:04:44]} 52. Qb7 {[%clk 0:02:38]} Rab8
{[%clk 0:05:10]} 53. Qa7 {[%clk 0:02:31]} 1/2-1/2

[Event "World Chess Olympiad 2018"]
[Site "Batumi"]
[Date "2018.10.04"]
[Round "10"]
[Board "4"]
[WhiteFideId "13601270"]
[White "Shengelia David"]
[BlackFideId "14923432"]
[Black "Nayhebaver Martin"]
[Result "1-0"]
[LiveChessVersion "1.4.8"]
[BlackElo "2466"]
[WhiteElo "2512"]

1. d4 {[%clk 1:30:54]} Nf6 {[%clk 1:30:39]} 2. c4 {[%clk 1:31:11]} e6
{[%clk 1:30:40]} 3. Nc3 {[%clk 1:31:35]} Bb4 {[%clk 1:30:47]} 4. Bd2
{[%clk 1:31:37]} O-O {[%clk 1:30:03]} 5. e3 {[%clk 1:31:27]} b6 {[%clk 1:28:49]}
6. Nf3 {[%clk 1:29:12]} Bb7 {[%clk 1:27:03]} 7. Bd3 {[%clk 1:26:48]} d5
{[%clk 1:09:58]} 8. cxd5 {[%clk 1:20:12]} exd5 {[%clk 1:07:34]} 9. Rc1
{[%clk 1:20:34]} a6 {[%clk 1:06:25]} 10. O-O {[%clk 1:19:42]} Bd6
{[%clk 1:03:58]} 11. Ne5 {[%clk 1:13:07]} c5 {[%clk 1:01:42]} 12. Be1
{[%clk 1:09:04]} Nc6 {[%clk 0:46:24]} 13. Nxc6 {[%clk 1:08:56]} Bxc6
{[%clk 0:46:50]} 14. f3 {[%clk 1:09:03]} Re8 {[%clk 0:45:56]} 15. Bf2
{[%clk 0:55:55]} cxd4 {[%clk 0:44:24]} 16. exd4 {[%clk 0:56:20]} Bf4
{[%clk 0:44:14]} 17. Rc2 {[%clk 0:56:17]} Qd6 {[%clk 0:44:22]} 18. g3
{[%clk 0:55:31]} Be3 {[%clk 0:41:20]} 19. Bxe3 {[%clk 0:52:53]} Rxe3
{[%clk 0:41:46]} 20. a3 {[%clk 0:51:21]} Bb7 {[%clk 0:37:07]} 21. Re1
{[%clk 0:38:40]} Rxe1+ {[%clk 0:27:56]} 22. Qxe1 {[%clk 0:35:56]} b5
{[%clk 0:27:23]} 23. Ne2 {[%clk 0:28:00]} Nd7 {[%clk 0:25:04]} 24. Qc1
{[%clk 0:27:13]} Nb6 {[%clk 0:17:42]} 25. Rc5 {[%clk 0:25:23]} Rc8
{[%clk 0:13:21]} 26. b3 {[%clk 0:18:19]} g6 {[%clk 0:12:03]} 27. Kf2
{[%clk 0:17:18]} Rc6 {[%clk 0:10:21]} 28. Qf4 {[%clk 0:09:59]} Qxf4
{[%clk 0:06:23]} 29. gxf4 {[%clk 0:10:16]} Kf8 30. f5 {[%clk 0:09:00]} Ke7
{[%clk 0:05:11]} 31. Ke3 {[%clk 0:08:42]} Nd7 {[%clk 0:04:16]} 32. Rxc6
{[%clk 0:08:57]} Bxc6 {[%clk 0:04:45]} 33. fxg6 {[%clk 0:07:06]} hxg6
{[%clk 0:03:12]} 34. Nc3 {[%clk 0:02:52]} Nf8 {[%clk 0:02:05]} 35. f4
{[%clk 0:02:08]} Kd6 {[%clk 0:00:56]} 36. h4 {[%clk 0:01:58]} Bd7
{[%clk 0:00:39]} 37. Ne2 {[%clk 0:01:39]} Ke7 {[%clk 0:00:46]} 38. b4
{[%clk 0:00:54]} Kf6 {[%clk 0:00:33]} 39. Nc3 {[%clk 0:00:59]} Bc6
{[%clk 0:00:33]} 40. a4 {[%clk 0:31:04]} bxa4 {[%clk 0:30:57]} 41. Bxa6
{[%clk 0:31:30]} a3 {[%clk 0:31:11]} 42. b5 {[%clk 0:28:02]} Be8 {[%clk 0:25:15]}
43. b6 {[%clk 0:22:05]} Ke7 {[%clk 0:24:26]} 44. Nxd5+ {[%clk 0:18:09]} Kd6
{[%clk 0:24:35]} 45. b7 {[%clk 0:18:31]} Nd7 {[%clk 0:24:59]} 46. Nf6
{[%clk 0:17:31]} Nb8 {[%clk 0:19:50]} 47. Nxe8+ {[%clk 0:17:54]} Ke7
{[%clk 0:20:17]} 48. Bc4 {[%clk 0:18:17]} Kxe8 {[%clk 0:20:40]} 49. f5
{[%clk 0:06:44]} Ke7 {[%clk 0:19:08]} 50. fxg6 {[%clk 0:06:57]} fxg6
{[%clk 0:19:31]} 51. Kf4 {[%clk 0:06:15]} Kf6 {[%clk 0:17:39]} 52. d5
{[%clk 0:06:21]} Nd7 {[%clk 0:16:54]} 53. d6 {[%clk 0:06:43]} Nb8
{[%clk 0:17:10]} 54. Ke4 {[%clk 0:06:29]} Nd7 {[%clk 0:17:19]} 55. Kd5
{[%clk 0:04:22]} Nb8 {[%clk 0:17:45]} 56. Bb3 {[%clk 0:04:06]} Kf5
{[%clk 0:18:10]} 57. Ba2 {[%clk 0:04:12]} Kf6 {[%clk 0:18:32]} 58. Bc4
{[%clk 0:04:36]} Kf5 {[%clk 0:18:27]} 59. Ba2 {[%clk 0:02:02]} Kf6
{[%clk 0:18:50]} 60. Kc5 {[%clk 0:01:35]} Ke5 {[%clk 0:19:04]} 61. Bc4
{[%clk 0:01:50]} Ke4 {[%clk 0:15:51]} 62. Be6 {[%clk 0:01:56]} Ke5
{[%clk 0:12:20]} 63. d7 {[%clk 0:02:04]} a2 {[%clk 0:12:33]} 64. d8=Q
{[%clk 0:02:11]} 1-0

[Event "World Chess Olympiad 2018"]
[Site "Batumi"]
[Date "2018.10.04"]
[Round "10"]
[Board "1"]
[WhiteFideId "3600017"]
[White "Matamoros Franco Carlos S."]
[BlackFideId "5201268"]
[Black "Sadorra Julio Catalino"]
[Result "1/2-1/2"]
[LiveChessVersion "1.4.8"]
[BlackElo "2553"]
[WhiteElo "2494"]

1. c4 {[%clk 1:30:53]} e6 {[%clk 1:30:32]} 2. g3 {[%clk 1:30:55]} d5
{[%clk 1:30:44]} 3. Bg2 {[%clk 1:31:16]} Nf6 {[%clk 1:30:59]} 4. Nf3
{[%clk 1:31:27]} d4 {[%clk 1:29:33]} 5. O-O {[%clk 1:31:12]} c5 {[%clk 1:29:42]}
6. e3 {[%clk 1:30:02]} Nc6 {[%clk 1:29:50]} 7. exd4 {[%clk 1:30:04]} cxd4
{[%clk 1:30:14]} 8. d3 {[%clk 1:30:21]} Bd6 {[%clk 1:30:27]} 9. Bg5
{[%clk 1:30:01]} h6 {[%clk 1:30:23]} 10. Bxf6 {[%clk 1:30:22]} Qxf6
{[%clk 1:30:48]} 11. Nbd2 {[%clk 1:29:38]} Qd8 {[%clk 1:31:11]} 12. a3
{[%clk 1:24:26]} a5 {[%clk 1:31:32]} 13. Rc1 {[%clk 1:24:38]} O-O
{[%clk 1:31:36]} 14. c5 {[%clk 1:24:51]} Be7 {[%clk 1:31:33]} 15. Qa4
{[%clk 1:23:18]} Ra7 {[%clk 1:25:47]} 16. Rfe1 {[%clk 1:15:09]} Qd7
{[%clk 0:42:29]} 17. Qb5 {[%clk 0:50:23]} Qc7 {[%clk 0:42:29]} 18. Nc4
{[%clk 0:37:42]} a4 {[%clk 0:40:06]} 19. Qb6 {[%clk 0:28:03]} Qb8
{[%clk 0:25:30]} 20. Nfe5 {[%clk 0:28:08]} Nxe5 {[%clk 0:25:57]} 21. Nxe5
{[%clk 0:28:24]} Ra6 {[%clk 0:26:22]} 22. Qb5 {[%clk 0:27:17]} Qa7
{[%clk 0:25:19]} 23. c6 {[%clk 0:10:12]} Ra5 {[%clk 0:22:54]} 24. Qc4
{[%clk 0:08:44]} b5 {[%clk 0:16:41]} 25. Qc2 {[%clk 0:08:51]} Qc7
{[%clk 0:17:05]} 26. Qe2 {[%clk 0:07:27]} b4 {[%clk 0:14:08]} 27. Nc4
{[%clk 0:07:30]} Rb5 {[%clk 0:14:34]} 28. Qd1 {[%clk 0:06:52]} bxa3
{[%clk 0:14:04]} 29. bxa3 {[%clk 0:07:17]} Rb3 {[%clk 0:13:53]} 30. Rb1
{[%clk 0:07:23]} Rxb1 {[%clk 0:10:53]} 31. Qxb1 {[%clk 0:07:51]} Ba6
{[%clk 0:11:12]} 32. Qc2 {[%clk 0:07:36]} Bb5 {[%clk 0:10:49]} 33. Rb1
{[%clk 0:06:07]} Bxc6 {[%clk 0:06:20]} 34. Nb6 {[%clk 0:04:04]} Rb8
{[%clk 0:06:40]} 35. Qxc6 {[%clk 0:04:21]} Qxc6 {[%clk 0:07:06]} 36. Bxc6
{[%clk 0:04:47]} Bd8 {[%clk 0:06:37]} 37. Bxa4 {[%clk 0:05:06]} 1/2-1/2

[Event "World Chess Olympiad 2018"]
[Site "Batumi"]
[Date "2018.10.04"]
[Round "10"]
[Board "2"]
[WhiteFideId "5201381"]
[White "Gomez John Paul"]
[BlackFideId "3609677"]
[Black "Barros Rivadeneira Cristhian"]
[Result "1/2-1/2"]
[LiveChessVersion "1.4.8"]
[BlackElo "2345"]
[WhiteElo "2464"]

1. Nf3 {[%clk 1:30:53]} Nf6 {[%clk 1:30:44]} 2. c4 {[%clk 1:31:00]} g6
{[%clk 1:31:01]} 3. Nc3 {[%clk 1:30:58]} c5 {[%clk 1:31:04]} 4. e4
{[%clk 1:28:44]} d6 {[%clk 1:30:46]} 5. d4 {[%clk 1:28:54]} cxd4 {[%clk 1:31:04]}
6. Nxd4 {[%clk 1:29:16]} Nc6 {[%clk 1:31:02]} 7. Be2 {[%clk 1:29:36]} Bg7
{[%clk 1:31:24]} 8. Be3 {[%clk 1:29:58]} O-O {[%clk 1:31:34]} 9. O-O
{[%clk 1:30:17]} Bd7 {[%clk 1:31:45]} 10. Qd2 {[%clk 1:30:08]} Nxd4
{[%clk 1:31:52]} 11. Bxd4 {[%clk 1:30:29]} Bc6 {[%clk 1:32:11]} 12. f3
{[%clk 1:30:51]} a5 {[%clk 1:32:28]} 13. Rad1 {[%clk 1:30:44]} Nd7
{[%clk 1:30:46]} 14. Bxg7 {[%clk 1:31:05]} Kxg7 {[%clk 1:31:09]} 15. f4
{[%clk 1:31:29]} Qb6+ {[%clk 1:16:38]} 16. Kh1 {[%clk 1:31:48]} Qc5
{[%clk 1:16:53]} 17. Nd5 Rae8 18. b3 {[%clk 1:24:52]} Kg8 {[%clk 0:32:20]} 19.
Bf3 {[%clk 1:14:24]} Bxd5 {[%clk 0:32:17]} 20. exd5 {[%clk 1:11:00]} Qb4
{[%clk 0:32:10]} 21. Rfe1 {[%clk 1:07:26]} Qxd2 {[%clk 0:25:45]} 22. Rxd2
{[%clk 1:06:08]} f5 {[%clk 0:26:03]} 23. Rde2 {[%clk 1:02:06]} Rf7
{[%clk 0:25:39]} 24. Re3 {[%clk 0:53:05]} Kf8 {[%clk 0:11:32]} 25. h3
{[%clk 0:49:40]} Nc5 {[%clk 0:11:03]} 26. Kg1 {[%clk 0:46:49]} Rb8
{[%clk 0:08:26]} 27. Be2 {[%clk 0:41:51]} Ra8 {[%clk 0:08:14]} 28. Bd3
{[%clk 0:38:47]} Nxd3 {[%clk 0:07:04]} 29. Rxd3 {[%clk 0:39:11]} Rc8
{[%clk 0:07:26]} 30. Kf2 {[%clk 0:37:28]} Ke8 {[%clk 0:06:09]} 31. Ke3
{[%clk 0:37:29]} Kd7 {[%clk 0:05:21]} 32. Kd4 {[%clk 0:37:41]} b6
{[%clk 0:03:12]} 33. h4 {[%clk 0:34:46]} Rg7 {[%clk 0:02:33]} 34. Rg3
{[%clk 0:32:37]} h6 {[%clk 0:01:16]} 35. Re6 {[%clk 0:27:19]} Rcg8
{[%clk 0:01:31]} 36. Rge3 {[%clk 0:26:10]} Rh7 {[%clk 0:01:49]} 37. Rh3
{[%clk 0:20:38]} Rhg7 {[%clk 0:02:09]} 38. Rh1 {[%clk 0:18:11]} Rf7
{[%clk 0:01:55]} 39. Ke3 {[%clk 0:09:22]} Rfg7 {[%clk 0:00:39]} 40. Kf3
{[%clk 0:38:50]} Rh7 {[%clk 0:30:34]} 41. Rhe1 {[%clk 0:32:11]} Rhg7
{[%clk 0:28:13]} 42. Kf2 {[%clk 0:30:07]} Rc8 {[%clk 0:24:31]} 43. a4
{[%clk 0:27:43]} Rh8 {[%clk 0:22:11]} 44. R1e3 {[%clk 0:27:23]} Rhg8
{[%clk 0:20:24]} 45. Rg3 {[%clk 0:26:07]} Ke8 {[%clk 0:17:16]} 46. h5
{[%clk 0:20:07]} gxh5 {[%clk 0:17:04]} 47. Rxg7 {[%clk 0:20:22]} Rxg7
{[%clk 0:17:31]} 48. Rxh6 {[%clk 0:20:39]} Rg4 {[%clk 0:17:55]} 49. g3
{[%clk 0:20:50]} h4 {[%clk 0:18:19]} 50. Rh8+ {[%clk 0:15:27]} Kf7
{[%clk 0:18:20]} 51. Rxh4 {[%clk 0:12:35]} Rxh4 {[%clk 0:18:43]} 52. gxh4
{[%clk 0:13:02]} Kg6 {[%clk 0:19:08]} 53. Kg3 {[%clk 0:13:23]} Kh5
{[%clk 0:19:21]} 1/2-1/2

[Event "World Chess Olympiad 2018"]
[Site "Batumi"]
[Date "2018.10.04"]
[Round "10"]
[Board "3"]
[WhiteFideId "3618471"]
[White "Noboa Kevin"]
[BlackFideId "5200750"]
[Black "Garcia Jan Emmanuel"]
[Result "0-1"]
[LiveChessVersion "1.4.8"]
[BlackElo "2439"]
[WhiteElo "2256"]

1. e4 {[%clk 1:30:49]} e5 {[%clk 1:29:05]} 2. Nf3 {[%clk 1:30:54]} Nc6
{[%clk 1:29:29]} 3. d4 {[%clk 1:31:04]} exd4 {[%clk 1:29:49]} 4. Nxd4
{[%clk 1:31:04]} Bc5 {[%clk 1:28:59]} 5. Nb3 {[%clk 1:30:39]} Bb6
{[%clk 1:29:13]} 6. Nc3 {[%clk 1:30:12]} Nf6 {[%clk 1:26:27]} 7. Bg5
{[%clk 1:29:20]} h6 {[%clk 1:25:52]} 8. Bh4 {[%clk 1:29:30]} d6 {[%clk 1:25:24]}
9. f3 {[%clk 1:28:26]} Be6 {[%clk 1:18:58]} 10. Bb5 {[%clk 1:27:37]} a6
{[%clk 1:14:43]} 11. Bxc6+ {[%clk 1:26:43]} bxc6 {[%clk 1:15:07]} 12. Qe2
{[%clk 1:25:13]} Qe7 {[%clk 1:04:17]} 13. O-O-O O-O {[%clk 0:59:24]} 14. g4
{[%clk 1:18:38]} Bxb3 {[%clk 0:50:23]} 15. axb3 {[%clk 1:18:32]} Qe6
{[%clk 0:48:23]} 16. Kb1 {[%clk 1:07:21]} Rfe8 {[%clk 0:46:55]} 17. Qg2
{[%clk 1:05:59]} Nh7 {[%clk 0:45:12]} 18. Bg3 {[%clk 1:02:39]} Rad8
{[%clk 0:42:20]} 19. h4 {[%clk 1:02:21]} Nf8 {[%clk 0:41:26]} 20. h5
{[%clk 0:53:26]} f6 {[%clk 0:39:30]} 21. Bf2 {[%clk 0:45:44]} Qe5
{[%clk 0:37:33]} 22. Bxb6 {[%clk 0:40:41]} cxb6 {[%clk 0:37:57]} 23. Qf2
{[%clk 0:40:35]} b5 {[%clk 0:32:18]} 24. f4 {[%clk 0:38:19]} Qc5 {[%clk 0:31:57]}
25. Qf3 {[%clk 0:35:01]} Ne6 {[%clk 0:28:19]} 26. Rd2 {[%clk 0:27:39]} Qa7
{[%clk 0:18:25]} 27. Rhd1 {[%clk 0:26:36]} Qe7 {[%clk 0:17:35]} 28. Re1
{[%clk 0:20:04]} Qc7 {[%clk 0:14:20]} 29. Ne2 {[%clk 0:15:53]} Nc5
{[%clk 0:13:54]} 30. Nd4 {[%clk 0:15:59]} d5 {[%clk 0:13:47]} 31. e5
{[%clk 0:15:59]} Ne4 {[%clk 0:13:20]} 32. Rg2 {[%clk 0:14:50]} fxe5
{[%clk 0:13:32]} 33. fxe5 {[%clk 0:14:39]} Rxe5 {[%clk 0:12:56]} 34. Rf1
{[%clk 0:14:53]} Rde8 {[%clk 0:10:31]} 35. Rd1 {[%clk 0:12:48]} b4
{[%clk 0:06:37]} 36. Nf5 {[%clk 0:12:39]} Ng5 {[%clk 0:05:06]} 37. Qf4
{[%clk 0:12:04]} Qb6 {[%clk 0:04:04]} 38. Rgd2 {[%clk 0:09:22]} Qc5
{[%clk 0:02:24]} 39. Nh4 {[%clk 0:06:44]} Re4 {[%clk 0:01:02]} 40. Qf1
{[%clk 0:34:07]} Rf8 {[%clk 0:30:34]} 41. Qxa6 {[%clk 0:26:06]} Re7
{[%clk 0:27:33]} 42. Rf1 {[%clk 0:25:53]} Rxf1+ {[%clk 0:25:25]} 43. Qxf1
{[%clk 0:26:18]} Ne4 {[%clk 0:24:52]} 44. Rd1 {[%clk 0:23:49]} Ra7
{[%clk 0:24:10]} 45. Ng6 {[%clk 0:21:52]} Ra8 {[%clk 0:23:23]} 46. Ne5
{[%clk 0:04:29]} Qa7 {[%clk 0:22:57]} 47. c4 {[%clk 0:04:36]} 0-1